|
|
|
|
| LEADER |
00000nab a2200000 a 4500 |
| 001 |
vtls000899216 |
| 003 |
SK-MaSNL |
| 005 |
20260304234120.0 |
| 008 |
040720e19981206xo 0 slo |
| 035 |
|
|
|a KE8222
|
| 040 |
|
|
|a KEVKJB
|b slo
|c KEVKJB
|e AACR2
|
| 041 |
0 |
|
|a slo
|
| 044 |
|
|
|a xo
|c SK
|
| 080 |
|
|
|a 616-006
|2 1981
|
| 080 |
|
|
|a 061.27
|2 1981
|
| 080 |
|
|
|a 362.111
|2 1981
|
| 100 |
1 |
|
|a Mezencevová, Zuzana
|4 aut
|9 880652
|
| 245 |
1 |
0 |
|a Podporiť ich príde aj Ivana Christová a Robo Grigorov
|b Spoločnosť detskej onkológie zakladá tradíciu benefičných plesov
|
| 610 |
2 |
7 |
|a Fakultná nemocnica s poliklinikou, Rastislavova ul. (Košice, Slovensko)
|2 KEVKJB
|9 29649
|
| 610 |
2 |
7 |
|a Nadácia detskej onkológie
|2 KEVKJB
|9 877798
|
| 610 |
2 |
7 |
|a Spoločnosť detskej onkológie (občianske združenie)
|2 KEVKJB
|9 28948
|
| 650 |
0 |
7 |
|a detská onkológia
|2 snkbucl
|9 101252
|
| 650 |
0 |
7 |
|a benefičné plesy
|2 KEVKJB
|9 118301
|
| 651 |
|
7 |
|a Košice (Slovensko)
|2 KEVKJB
|9 18694
|
| 773 |
0 |
8 |
|t Korzár
|g Roč. 1, č.249, 6.12.1998, s. 4
|
| 852 |
|
|
|a ZVYKNI
|b KIS3GCP
|
| 999 |
|
|
|c 3202239
|d 3204169
|